| 000 | 01433nam a22003857a 4500 | ||
|---|---|---|---|
| 001 | 200460672 | ||
| 003 | TR-AnTOB | ||
| 005 | 20240604091548.0 | ||
| 007 | t | ||
| 008 | 240604b tu ||||| |||| 00| 0 tur d | ||
| 020 | _a9786054729838 | ||
| 040 |
_aTR-AnTOB _beng _cTR-AnTOB _erda |
||
| 041 |
_atur _beng |
||
| 092 |
_a741.642 _bWİC 2022 |
||
| 100 | 1 |
_aWicks, Maris, _eartist, _eauthor. |
|
| 240 | 1 | 0 |
_aHuman body theater : a nonfiction revue. _lTurkish. |
| 245 | 1 | 0 |
_aİnsan vücudu tiyatrosu / _cMaris Wicks ; çeviri Şiiersel Taş ; sayfa uygulama Bahadır Erışık ; Türkçeye uyarlanan illustrasyonlar Duygu Topçu ; kapak uyarlama Gökçe Türkel. |
| 264 | 1 |
_aİstanbul : _bDomingo, _c2022. |
|
| 300 |
_a233 pages : _bcolor illustrations ; _c24 cm. |
||
| 336 |
_astill image _bsti _2rdacontent. |
||
| 336 |
_atext _2rdacontent. _btxt |
||
| 337 |
_aunmediated _2rdamedia. _bn |
||
| 338 |
_avolume _2rdacarrier. _bnc |
||
| 500 | _aTranslation of: Human body theater : a nonfiction revue. | ||
| 504 | _aIncludes bibliographical references. | ||
| 650 | 0 |
_aHuman anatomy _vJuvenile literature. |
|
| 650 | 0 |
_aHuman body _vJuvenile literature. |
|
| 700 | 1 |
_aTaş, Şiiersel, _etranslator. |
|
| 700 | 1 |
_aErışık, Bahadır, _epage designer. |
|
| 700 | 1 |
_aTopçu, Duygu, _illustrator. |
|
| 700 | 1 |
_aTürkel, Gökçe, _ecover designer. |
|
| 942 |
_2ddc _cBK |
||
| 999 |
_c200460672 _d78884 |
||